Variedades de la fresa en los Estados Unidos

Պահպանված է:
Մատենագիտական մանրամասներ
Հիմնական հեղինակներ: Scott, D. H (Հեղինակ), Darrow, G. M (Հեղինակ), Lawrence, F. J (Հեղինակ)
Ձևաչափ: Գիրք
Լեզու:իսպաներեն
Հրապարակվել է: Ciudad de México Centro Regional de Ayuda Técnica 1974
Հրատարակություն:1a. ed
Խորագրեր:
Ցուցիչներ: Ավելացրեք ցուցիչ
Չկան պիտակներ, Եղեք առաջինը, ով նշում է այս գրառումը!

MARC

LEADER 00000cam a2200000 a 4500
001 UCR4524
003 CL-VaPUC
008 980313e19740000MX |||||||||||||||||spa|d
082 0 4 |a 634.74  |b SCO  |2 21 
100 0 |a Scott, D. H  |e author  |9 404816 
700 0 |a Darrow, G. M  |e author  |9 404817 
700 0 |a Lawrence, F. J  |e author  |9 404818 
245 1 0 |a Variedades de la fresa en los Estados Unidos 
250 |a 1a. ed 
300 |a 23 p 
942 |c BK 
945 |d 19980313 00:00:00  |a rleighto 
260 |a Ciudad de México  |b Centro Regional de Ayuda Técnica  |c 1974 
650 0 |a Frutas  |9 259500 
650 7 |a FRESA  |2 CL-VaPUC  |9 404819 
650 0 |a Variedades frutales  |9 404820 
650 0 |a Cultivo  |9 264268 
650 0 |a Enfermedades de las plantas  |9 259687 
650 7 |a FERTILIDAD  |2 CL-VaPUC  |9 402811 
650 0 |a Desarrollo vegetal  |9 338112 
650 0 |a Clima  |9 265281 
650 0 |a Medio ambiente  |9 257625 
583 |a last modification  |c 20180112 01:13:52  |k Rodrigo Vera 
999 |c 267462  |d 267460 
952 |0 0  |1 0  |3 erb  |4 0  |6 634_740000000000000_SCO_1974  |7 0  |8 A  |9 299787  |a BIBALI  |b BIBALI  |i 5448301  |o 634.74 SCO 1974  |p 5448301  |r 2025-01-20  |w 2019-11-20  |y BK  |z Catalogado en:20180114  |k ALI